[Event "Junior Online 4NCL Division 3"]
[Site "online"]
[Date "2021.11.11"]
[EventDate "2021.11.11"]
[Round "7.41"]
[White "Dalah, Jacob"]
[WhiteElo "1125"]
[WhiteTeam "Edgware Gambits E"]
[Black "Groot Wassink, Leon"]
[BlackElo "1455"]
[BlackTeam "JHJ Shark Tank 4"]
[Result "0-1"]
[PlyCount "74"]

1. e4 e5 2. Nf3 Nc6 3. d4 exd4 4. Nxd4 Bc5 5. Be3 Qf6 6. c3 Nge7 7. Bc4 Ne5 8. Bb3 b6 9. f4 N5c6 10. O-O Bb7 11. Na3 Bxa3 12. bxa3 O-O 13. Qg4 Rad8 14. Rf3 Qg6 15. Qh4 Qxe4 16. Rg3 Ng6 17. Qh5 Nxd4 18. Bxd4 Qxf4 19. Rf1 Qh6 20. Qf5 d5 21. c4 c5 22. Be3 Qh4 23. Rg4 Qe7 24. Rf3 d4 25. Bf2 Bxf3 26. Qxf3 Ne5 27. Qe4 f5 28. Qd5+ Rxd5 29. cxd5 c4 30. Bd1 Nxg4 31. Bg3 f4 32. Bxg4 fxg3 33. hxg3 Qxa3 34. Be6+ Kh8 35. Bh3 Qxg3 36. a3 Re8 37. d6 Re1# 0-1

[Event "Junior Online 4NCL Division 3"]
[Site "online"]
[Date "2021.11.11"]
[EventDate "2021.11.11"]
[Round "7.42"]
[White "Sisupalan, Beni"]
[WhiteElo "1452"]
[WhiteTeam "JHJ Shark Tank 4"]
[Black "Patel, Rohan"]
[BlackElo "1188"]
[BlackTeam "Edgware Gambits E"]
[Result "1-0"]
[PlyCount "65"]

1. e4 e5 2. Nf3 Nc6 3. Bc4 Be7 4. d3 Nf6 5. Nc3 O-O 6. Be3 d6 7. O-O Bg4 8. h3 Bh5 9. Re1 Qd7 10. Qe2 a6 11. Rad1 Rfe8 12. Nd5 Nxd5 13. Bxd5 h6 14. c3 Bf6 15. Kh2 Rab8 16. Rg1 Ne7 17. Bb3 Nc6 18. g4 Bg6 19. g5 hxg5 20. Bxg5 Bxg5 21. Nxg5 Kf8 22. Qf3 Na5 23. h4 Nxb3 24. axb3 f6 25. h5 Bxh5 26. Qxh5 fxg5 27. Qxg5 Qf7 28. Kg3 Re6 29. Rh1 Rg6 30. Rh8+ Qg8 31. Rxg8+ Kxg8 32. Qxg6 Rf8 33. Rh1 1-0

[Event "Junior Online 4NCL Division 3"]
[Site "online"]
[Date "2021.11.11"]
[EventDate "2021.11.11"]
[Round "7.43"]
[White "Wilkinson, James"]
[WhiteElo "1167"]
[WhiteTeam "Edgware Gambits E"]
[Black "Burrill, Edoardo"]
[BlackElo "1455"]
[BlackTeam "JHJ Shark Tank 4"]
[Result "0-1"]
[PlyCount "114"]

1. e4 e5 2. Nf3 Nc6 3. Bc4 Nf6 4. Ng5 d5 5. exd5 Nd4 6. c3 Nf5 7. Qe2 Bd6 8. d4 Nd7 9. dxe5 Nxe5 10. Bf4 f6 11. Bxe5 fxe5 12. Nf3 O-O 13. Nxe5 Re8 14. f4 Qh4+ 15. g3 Nxg3 16. Qf2 Nf5 17. Qxh4 Nxh4 18. Kf2 Bxe5 19. fxe5 Rxe5 20. d6+ Kf8 21. dxc7 Rf5+ 22. Kg3 Ng6 23. Rd1 Ke7 24. Na3 Rc5 25. Re1+ Kf6 26. Rf1+ Ke5 27. Rae1+ Kd6 28. Nb5+ Kc6 29. b3 a6 30. Nd4+ Kxc7 31. Rf7+ Kb8 32. Rxg7 h5 33. Re8 Rg5+ 34. Kf3 Nh4+ 35. Ke3 Rxg7 36. Be6 Rc7 37. c4 Ka7 38. Bxc8 Raxc8 39. Re6 Ng2+ 40. Kd3 Nf4+ 41. Ke4 Nxe6 42. Nxe6 Re7 43. Kf5 Rxe6 44. Kxe6 Rc5 45. h4 Kb6 46. Kd6 Rf5 47. b4 a5 48. c5+ Kb5 49. bxa5 Kxa5 50. Kc7 Rxc5+ 51. Kxb7 Rc4 52. a3 Rxh4 53. Kc6 Rg4 54. Kc5 h4 55. Kc6 h3 56. Kc5 h2 57. Kc6 h1=Q+ 0-1

[Event "Junior Online 4NCL Division 3"]
[Site "online"]
[Date "2021.11.11"]
[EventDate "2021.11.11"]
[Round "7.44"]
[White "Aserkoff, Daniel"]
[WhiteElo "1411"]
[WhiteTeam "JHJ Shark Tank 4"]
[Black "Wen, Liana"]
[BlackElo "1154"]
[BlackTeam "Edgware Gambits E"]
[Result "1/2-1/2"]
[PlyCount "36"]

1. e4 c5 2. Nc3 d6 3. f4 Nf6 4. Bb5+ Bd7 5. Bxd7+ Nbxd7 6. d3 g6 7. Nf3 Bg7 8. O-O O-O 9. Qe1 e5 10. Qg3 Qe8 11. fxe5 dxe5 12. Qh4 Qe6 13. Bh6 Qg4 14. Qxg4 Nxg4 15. Bxg7 Kxg7 16. Nd5 Rad8 17. h3 Ngf6 18. Nxf6 Nxf6 1/2-1/2

[Event "Junior Online 4NCL Division 3"]
[Site "online"]
[Date "2021.11.11"]
[EventDate "2021.11.11"]
[Round "7.45"]
[White "Groot Wassink, Leon"]
[WhiteElo "1455"]
[WhiteTeam "JHJ Shark Tank 4"]
[Black "Dalah, Jacob"]
[BlackElo "1125"]
[BlackTeam "Edgware Gambits E"]
[Result "1-0"]
[PlyCount "45"]

1. e4 e6 2. d4 d5 3. Nc3 c5 4. Bb5+ Nd7 5. exd5 exd5 6. Nxd5 a6 7. Bxd7+ Qxd7 8. Qe2+ Ne7 9. Nxe7 Bxe7 10. dxc5 O-O 11. Nf3 Bxc5 12. O-O Qc6 13. Be3 Bg4 14. Bxc5 Qxc5 15. Rac1 Rfe8 16. Qd3 Rad8 17. Qb3 Rd6 18. Qxb7 Rc6 19. Qb3 Rb6 20. Qa4 Bxf3 21. Qxe8+ Qf8 22. Qxf8+ Kxf8 23. gxf3 1-0

[Event "Junior Online 4NCL Division 3"]
[Site "online"]
[Date "2021.11.11"]
[EventDate "2021.11.11"]
[Round "7.46"]
[White "Patel, Rohan"]
[WhiteElo "1188"]
[WhiteTeam "Edgware Gambits E"]
[Black "Sisupalan, Beni"]
[BlackElo "1452"]
[BlackTeam "JHJ Shark Tank 4"]
[Result "0-1"]
[PlyCount "80"]

1. e4 e5 2. Nf3 Nc6 3. Bc4 Bc5 4. Nc3 Nf6 5. d3 d6 6. Bg5 Be6 7. Bb3 h6 8. Be3 Bb6 9. Na4 O-O 10. Nxb6 axb6 11. O-O d5 12. exd5 Nxd5 13. Qd2 Nxe3 14. fxe3 Kh7 15. Qc3 Bxb3 16. axb3 f6 17. Nd2 Qd6 18. Nc4 Qb4 19. Qxb4 Nxb4 20. Rxa8 Rxa8 21. Rc1 Ra2 22. d4 exd4 23. exd4 b5 24. Na3 Rxb2 25. Nxb5 c6 26. Na3 b5 27. c4 Rxb3 28. Nc2 Rc3 29. cxb5 cxb5 30. Kf1 Rxc2 31. Rxc2 Nxc2 32. d5 Ne3+ 33. Ke2 Nxd5 34. Kd2 b4 35. Kc2 Kg6 36. Kb3 Kf5 37. Kc4 Ke4 38. g3 g5 39. h3 f5 40. g4 f4 0-1

[Event "Junior Online 4NCL Division 3"]
[Site "online"]
[Date "2021.11.11"]
[EventDate "2021.11.11"]
[Round "7.47"]
[White "Burrill, Edoardo"]
[WhiteElo "1455"]
[WhiteTeam "JHJ Shark Tank 4"]
[Black "Wilkinson, James"]
[BlackElo "1167"]
[BlackTeam "Edgware Gambits E"]
[Result "1/2-1/2"]
[PlyCount "163"]

1. e4 e5 2. Nf3 Nf6 3. Nxe5 Nc6 4. Nxc6 dxc6 5. Nc3 Bc5 6. d3 Ng4 7. Be3 Bxe3 8. fxe3 Nxe3 9. Qe2 Qg5 10. Nd1 Nxd1 11. Rxd1 Bg4 12. Qd2 Qxd2+ 13. Rxd2 O-O 14. Be2 Be6 15. h3 Rae8 16. O-O a5 17. a3 b5 18. b4 axb4 19. axb4 Ra8 20. d4 Rfd8 21. Bf3 Ra4 22. c3 Ra3 23. Rc1 Bc4 24. e5 Rd7 25. Bxc6 Re7 26. d5 Rxe5 27. d6 cxd6 28. Rxd6 g6 29. Rd8+ Kg7 30. Rd4 Bd5 31. Rxd5 Re3 32. c4 bxc4 33. Rxc4 Reb3 34. b5 Ra1+ 35. Kh2 h5 36. Rdd4 Kh6 37. Rb4 Rc3 38. Bf3 Ra2 39. b6 Rxf3 40. b7 Rff2 41. h4 Rxg2+ 42. Kh3 Rgb2 43. b8=Q Ra3+ 44. Rb3 Raxb3+ 45. Qxb3 Rxb3+ 46. Kg2 g5 47. Rd6+ Kg7 48. hxg5 Rb2+ 49. Kh3 Rb1 50. Kh2 Rb2+ 51. Kh3 Rb3+ 52. Kh4 Rb1 53. Kxh5 Rh1+ 54. Kg4 Rg1+ 55. Kf4 Rf1+ 56. Kg4 Rg1+ 57. Kh4 Rg2 58. Kh5 Rg3 59. Rd7 Rg2 60. Rd6 Rg1 61. Rd4 Rg2 62. Rd6 Rg1 63. Ra6 Rg3 64. Rd6 Rg2 65. Ra6 Rg1 66. Rc6 Rg3 67. Ra6 Rg2 68. Rb6 Rg3 69. Ra6 Rg1 70. Rd6 Rg3 71. Ra6 Rg2 72. Rd6 Rg1 73. Ra6 Kh7 74. Rh6+ Kg7 75. Ra6 Kh7 76. Rd6 Rg3 77. Ra6 Kg7 78. Kh4 Rg1 79. Kh5 Kh7 80. Rb6 Kh8 81. Rh6+ Kg7 82. Ra6 1/2-1/2

[Event "Junior Online 4NCL Division 3"]
[Site "online"]
[Date "2021.11.11"]
[EventDate "2021.11.11"]
[Round "7.48"]
[White "Wen, Liana"]
[WhiteElo "1154"]
[WhiteTeam "Edgware Gambits E"]
[Black "Aserkoff, Daniel"]
[BlackElo "1411"]
[BlackTeam "JHJ Shark Tank 4"]
[Result "0-1"]
[PlyCount "50"]

1. d4 c6 2. c4 d5 3. e3 Nf6 4. Nc3 Bf5 5. cxd5 cxd5 6. Bb5+ Nc6 7. Nf3 e6 8. Ne5 Rc8 9. O-O Bd6 10. Nf3 O-O 11. Ng5 h6 12. Nf3 a6 13. Bd3 Bg4 14. Be2 Qc7 15. g3 Bh3 16. Re1 Ne7 17. e4 dxe4 18. Ne5 Bxe5 19. dxe5 Qxe5 20. Bf4 Qf5 21. Qd6 Ng6 22. Bc4 Rfd8 23. Qb6 Nxf4 24. gxf4 Qg4+ 25. Kh1 Qg2# 0-1

[Event "Junior Online 4NCL Division 3"]
[Site "online"]
[Date "2021.11.11"]
[EventDate "2021.11.11"]
[Round "7.51"]
[White "Vasudeva, Arya"]
[WhiteElo "1046"]
[WhiteTeam "Barnet Knights C"]
[Black "Sidana, Rishabh"]
[BlackElo "1399"]
[BlackTeam "Chess Challengers A"]
[Result "0-1"]
[PlyCount "146"]

1. e4 c5 2. d4 cxd4 3. Qxd4 Nc6 4. Qd1 e5 5. Nf3 Nf6 6. Nc3 Bb4 7. Bd2 O-O 8. Bd3 d6 9. a3 Bc5 10. Be3 Nd4 11. Bxd4 Bxd4 12. Nxd4 exd4 13. Ne2 Qb6 14. c3 dxc3 15. Nxc3 Qxb2 16. Qc1 Qxc1+ 17. Rxc1 a6 18. O-O b5 19. h3 Be6 20. Ne2 Rfc8 21. Rxc8+ Rxc8 22. Rc1 Rxc1+ 23. Nxc1 d5 24. exd5 Nxd5 25. Be4 f5 26. Bxd5 Bxd5 27. Nd3 g6 28. Ne5 Kg7 29. Nd7 a5 30. Kh2 b4 31. axb4 axb4 32. Nb6 Be6 33. Na4 b3 34. Nb2 Kf6 35. Kg3 Ke5 36. Kf3 Kd4 37. Ke2 Bc4+ 38. Kd2 Bf1 39. g3 Bxh3 40. Kc1 Bf1 41. Na4 Bb5 42. Nb6 Bc4 43. Kb2 Bd5 44. Nxd5 Kxd5 45. Kxb3 Ke4 46. Kc3 Kf3 47. Kd3 Kxf2 48. Kd4 Kxg3 49. Ke5 f4 50. Ke4 f3 51. Ke3 f2 52. Ke2 Kg2 53. Ke3 f1=Q 54. Ke4 Qf3+ 55. Ke5 Qf5+ 56. Kd6 h5 57. Ke7 h4 58. Ke8 h3 59. Ke7 h2 60. Kd6 h1=R 61. Kc6 Re1 62. Kc7 g5 63. Kc6 g4 64. Kd6 Kh2 65. Kc7 g3 66. Kd6 g2 67. Kc7 g1=R 68. Kc6 Re2 69. Kd6 Rd1+ 70. Kc7 Qc8+ 71. Kxc8 Rc2+ 72. Kb7 Rb1+ 73. Ka8 Ra2# 0-1

[Event "Junior Online 4NCL Division 3"]
[Site "online"]
[Date "2021.11.11"]
[EventDate "2021.11.11"]
[Round "7.52"]
[White "Subramanian, Ashwanth"]
[WhiteElo "1350"]
[WhiteTeam "Chess Challengers A"]
[Black "Pugh, Ben"]
[BlackElo "993"]
[BlackTeam "Barnet Knights C"]
[Result "1-0"]
[PlyCount "61"]

1. e4 c5 2. c4 d6 3. Nc3 e6 4. d3 Nc6 5. Be3 Nf6 6. h3 Be7 7. Be2 Bd7 8. f4 O-O 9. Nf3 Qc7 10. O-O h6 11. a3 Rfe8 12. Qd2 Rad8 13. Rf2 Rc8 14. Rd1 Rcd8 15. d4 Rc8 16. d5 exd5 17. exd5 Na5 18. Bd3 Rcd8 19. Re2 Rc8 20. Qc2 Rcd8 21. Nd2 Rc8 22. b4 cxb4 23. axb4 Nxc4 24. Nxc4 Rcd8 25. Bxa7 b5 26. Bb6 Qb8 27. Bxd8 Qxd8 28. Na3 Qa8 29. Naxb5 Bxb5 30. Bxb5 Nxd5 31. Rxd5 1-0

[Event "Junior Online 4NCL Division 3"]
[Site "online"]
[Date "2021.11.11"]
[EventDate "2021.11.11"]
[Round "7.53"]
[White "Morin, Julian"]
[WhiteElo "1049"]
[WhiteTeam "Barnet Knights C"]
[Black "Ray, Ayush"]
[BlackElo "1320"]
[BlackTeam "Chess Challengers A"]
[Result "0-1"]
[PlyCount "66"]

1. c4 e5 2. Nc3 Nc6 3. b3 Bc5 4. Bb2 d6 5. Nf3 Nf6 6. e3 Bg4 7. Be2 O-O 8. O-O h6 9. d4 exd4 10. exd4 Bxf3 11. Bxf3 Nxd4 12. Bxb7 Rb8 13. Bd5 Re8 14. Nb5 Nxb5 15. cxb5 Nxd5 16. Qxd5 Rxb5 17. Qd3 Rb4 18. Qc3 Rg4 19. h3 Rg6 20. b4 Qg5 21. g3 Bb6 22. Kg2 f5 23. Qc4+ Kh7 24. Qc3 f4 25. Rae1 Rf8 26. a4 fxg3 27. fxg3 Rxf1 28. Rxf1 Qd5+ 29. Kh2 a5 30. b5 Qa2 31. Rf7 Qxf7 32. Kh1 Qf1+ 33. Kh2 Qg1# 0-1

[Event "Junior Online 4NCL Division 3"]
[Site "online"]
[Date "2021.11.11"]
[EventDate "2021.11.11"]
[Round "7.54"]
[White "Gupta, Shourya"]
[WhiteElo "1386"]
[WhiteTeam "Chess Challengers A"]
[Black "Marshall, Wilfred"]
[BlackElo "886"]
[BlackTeam "Barnet Knights C"]
[Result "1-0"]
[PlyCount "145"]

1. d4 d5 2. Bf4 Nc6 3. e3 Nf6 4. c4 dxc4 5. Bxc4 Bf5 6. Qb3 e6 7. Qxb7 Rb8 8. Qxc6+ Nd7 9. Qxc7 Rxb2 10. Qxd8+ Kxd8 11. Nd2 Bb4 12. Nf3 Bg4 13. Rd1 Nb6 14. Bb3 a5 15. O-O a4 16. Bc4 Bxf3 17. Nxf3 Nxc4 18. Rc1 Nb6 19. Bc7+ Ke7 20. Bxb6 Bd6 21. g3 Rxb6 22. Rc2 f5 23. Rfc1 h6 24. Nd2 Rhb8 25. Nc4 Ra6 26. Nxd6 Kxd6 27. Kg2 g5 28. Rc3 g4 29. f3 h5 30. fxg4 hxg4 31. h3 gxh3+ 32. Kxh3 Rb2 33. Ra3 Kd5 34. g4 Ke4 35. g5 Ra7 36. g6 Rg7 37. Rg1 Re2 38. Kh4 Rxe3 39. Rxe3+ Kxe3 40. Kg5 Kxd4 41. Kf6 Rg8 42. Kxe6 f4 43. Kf7 Rxg6 44. Rxg6 Ke3 45. Ke6 f3 46. Rf6 f2 47. Kd5 Ke2 48. Kc4 f1=Q 49. Rxf1 Kxf1 50. Kb4 Ke2 51. Kxa4 Kd3 52. Kb5 Kd4 53. a4 Kd5 54. Kb6 Kd6 55. a5 Kd7 56. Kb7 Kd6 57. a6 Kc5 58. a7 Kb5 59. a8=Q Kc5 60. Qa5+ Kc4 61. Kc6 Kd3 62. Kd5 Ke2 63. Ke4 Kf2 64. Qf5+ Kg3 65. Ke3 Kg2 66. Qf8 Kg1 67. Qf2+ Kh1 68. Qf4 Kg1 69. Kf3 Kh1 70. Qh4+ Kg1 71. Qg3+ Kf1 72. Qg2+ Ke1 73. Qe2# 1-0

[Event "Junior Online 4NCL Division 3"]
[Site "online"]
[Date "2021.11.11"]
[EventDate "2021.11.11"]
[Round "7.56"]
[White "Pugh, Ben"]
[WhiteElo "993"]
[WhiteTeam "Barnet Knights C"]
[Black "Subramanian, Ashwanth"]
[BlackElo "1350"]
[BlackTeam "Chess Challengers A"]
[Result "0-1"]
[PlyCount "30"]

1. d4 d5 2. e3 Bf5 3. Qf3 Bxc2 4. Na3 Be4 5. Qe2 e6 6. Bd2 c6 7. Qd1 Bd6 8. g3 Bxh1 9. Qg4 Qf6 10. Nf3 Bxf3 11. Ba5 Bxg4 12. Kd2 b6 13. Bc3 Qxf2+ 14. Kd3 Bf5+ 15. e4 Bxe4# 0-1

[Event "Junior Online 4NCL Division 3"]
[Site "online"]
[Date "2021.11.11"]
[EventDate "2021.11.11"]
[Round "7.57"]
[White "Ray, Ayush"]
[WhiteElo "1320"]
[WhiteTeam "Chess Challengers A"]
[Black "Morin, Julian"]
[BlackElo "1049"]
[BlackTeam "Barnet Knights C"]
[Result "0-1"]
[PlyCount "56"]

1. e4 c5 2. Nf3 d6 3. Bc4 Nc6 4. d4 cxd4 5. Nxd4 Bd7 6. Nc3 e5 7. Nxc6 Bxc6 8. Be3 Nf6 9. Qe2 Nxe4 10. Nxe4 Bxe4 11. Bb5+ Bc6 12. Bxc6+ bxc6 13. O-O Be7 14. Rad1 O-O 15. Rfe1 d5 16. c4 d4 17. Bxd4 exd4 18. Qxe7 Qxe7 19. Rxe7 c5 20. Rc7 Rac8 21. Rxa7 Rc6 22. b3 h6 23. Rd7 Ra8 24. a4 Rb8 25. Rb1 Rcb6 26. Rc7 Rxb3 27. Rxb3 Rxb3 28. Rxc5 Rb1# 0-1

[Event "Junior Online 4NCL Division 3"]
[Site "online"]
[Date "2021.11.11"]
[EventDate "2021.11.11"]
[Round "7.58"]
[White "Marshall, Wilfred"]
[WhiteElo "886"]
[WhiteTeam "Barnet Knights C"]
[Black "Gupta, Shourya"]
[BlackElo "1386"]
[BlackTeam "Chess Challengers A"]
[Result "0-1"]
[PlyCount "101"]

1. d4 d5 2. Nf3 Bf5 3. Bf4 c6 4. Nc3 e6 5. e3 Bd6 6. Ne2 Nf6 7. g3 Nh5 8. Bg2 Bxf4 9. exf4 Nd7 10. O-O O-O 11. Re1 Nhf6 12. h3 h6 13. g4 Bh7 14. b3 c5 15. c3 cxd4 16. Nfxd4 Rc8 17. Rc1 Nc5 18. b4 Nd3 19. Rc2 Nxe1 20. Qxe1 Bxc2 21. f3 Bh7 22. g5 hxg5 23. fxg5 Nd7 24. Nf4 Qxg5 25. Ndxe6 fxe6 26. Nxe6 Qf6 27. f4 Be4 28. Bxe4 dxe4 29. Qxe4 Rfe8 30. f5 Qxc3 31. Qd5 Qe1+ 32. Kh2 Rc2+ 33. Qg2 Rxg2+ 34. Kxg2 Rxe6 35. fxe6 Qxe6 36. Kf3 Qxa2 37. Ke3 Qb3+ 38. Kd4 Qxb4+ 39. Kd5 a5 40. Ke6 a4 41. Kxd7 a3 42. Kc8 a2 43. Kc7 a1=Q 44. Kb8 Qf8+ 45. Kxb7 Qb4+ 46. Kc8 Qac3+ 47. Kd7 Qbd4+ 48. Ke6 Qce3+ 49. Kf5 Qdf4+ 50. Kg6 Qeg3+ 51. Kh5 Qfh4# 0-1

[Event "Junior Online 4NCL Division 3"]
[Site "online"]
[Date "2021.11.11"]
[EventDate "2021.11.11"]
[Round "7.61"]
[White "Demetriou, Jay"]
[WhiteElo "1519"]
[WhiteTeam "Wanstead Warriors 1"]
[Black "Wang, Xiling"]
[BlackElo "889"]
[BlackTeam "Harrow Juniors E"]
[Result "1-0"]
[PlyCount "61"]

1. e4 e5 2. Nc3 Nf6 3. f4 exf4 4. e5 Ng8 5. Nf3 Nc6 6. d4 d5 7. Bxf4 Bf5 8. Bd3 g6 9. Bxf5 gxf5 10. Qd3 Bb4 11. Bg5 f6 12. exf6 Nxf6 13. O-O Ng4 14. Bxd8 Kxd8 15. Qxf5 Ne3 16. Qg5+ Kc8 17. Qxe3 Kd7 18. Ne5+ Nxe5 19. dxe5 c5 20. Nxd5 Kc6 21. Nxb4+ cxb4 22. Rad1 Raf8 23. Qe4+ Kb5 24. Qd5+ Ka4 25. Rd4 a5 26. Qd7+ b5 27. Rf3 Rxf3 28. gxf3 Rg8+ 29. Kf2 Rg5 30. Qf7 Rxe5 31. Qb3# 1-0

[Event "Junior Online 4NCL Division 3"]
[Site "online"]
[Date "2021.11.11"]
[EventDate "2021.11.11"]
[Round "7.62"]
[White "Patel-Davis, Riyan"]
[WhiteElo "842"]
[WhiteTeam "Harrow Juniors E"]
[Black "Stevens, Tobias"]
[BlackElo "1468"]
[BlackTeam "Wanstead Warriors 1"]
[Result "0-1"]
[PlyCount "166"]

1. e4 e6 2. d4 d5 3. e5 c5 4. c3 Nc6 5. Nf3 Qb6 6. Be3 Qxb2 7. Nbd2 Qxc3 8. dxc5 Bxc5 9. Bxc5 Qxc5 10. Rb1 Nge7 11. Bb5 Ng6 12. O-O Bd7 13. Rb3 Ncxe5 14. Nxe5 Nxe5 15. Bxd7+ Nxd7 16. Rxb7 Qc6 17. Qb1 O-O 18. Nf3 Rfb8 19. Rxb8+ Rxb8 20. Ne5 Qd6 21. Qd3 Qxe5 22. a4 Nc5 23. Qc2 Na6 24. Rc1 Nc7 25. h3 f5 26. Qxc7 Qxc7 27. Rxc7 a6 28. a5 Rb5 29. Rc6 Rxa5 30. Rxe6 d4 31. Re8+ Kf7 32. Rd8 Ra4 33. Kh2 Ke7 34. Rd5 Ke6 35. Rd8 Ke5 36. Kg3 Ke4 37. Re8+ Kd3 38. Kf4 Kc3 39. Rd8 d3+ 40. Ke3 f4+ 41. Kf3 Kc2 42. Rc8+ Kd1 43. g3 d2 44. gxf4 Ke1 45. Re8+ Kf1 46. Rd8 Ke1 47. Re8+ Kd1 48. Ke3 Ra3+ 49. Ke4 Kc1 50. Rc8+ Kb1 51. Rd8 Kc1 52. Rc8+ Kd1 53. Rd8 Ke1 54. Rd3 d1=Q 55. Rxa3 Qe2+ 56. Re3 a5 57. Rxe2+ Kxe2 58. Kd4 Kxf2 59. Kc3 Kf3 60. f5 Kf4 61. Kb3 Kxf5 62. Ka4 Kf4 63. Kxa5 Kg3 64. Kb4 Kxh3 65. Kc3 g5 66. Kd3 g4 67. Ke3 g3 68. Ke2 Kg2 69. Ke3 h5 70. Ke2 h4 71. Ke3 h3 72. Kf4 h2 73. Ke3 h1=Q 74. Ke4 Qe1+ 75. Kf4 Kh3 76. Kf3 g2 77. Kf4 g1=R 78. Kf3 Qf1+ 79. Ke3 Rg3+ 80. Kd2 Qd3+ 81. Ke1 Qc2 82. Kf1 Kh2 83. Ke1 Rg1# 0-1

[Event "Junior Online 4NCL Division 3"]
[Site "online"]
[Date "2021.11.11"]
[EventDate "2021.11.11"]
[Round "7.63"]
[White "Gurusamy, Paramaguru"]
[WhiteElo "1312"]
[WhiteTeam "Wanstead Warriors 1"]
[Black "Horwood, Alexander"]
[BlackElo "627"]
[BlackTeam "Harrow Juniors E"]
[Result "0-1"]
[PlyCount "80"]

1. d4 e5 2. dxe5 Nc6 3. Nf3 Qe7 4. Nc3 Nxe5 5. Nxe5 Qxe5 6. g3 Bb4 7. Bf4 Bxc3+ 8. bxc3 Qxc3+ 9. Bd2 Qf6 10. Bg2 Ne7 11. O-O O-O 12. Rb1 Nc6 13. h4 d6 14. Bg5 Qg6 15. f4 h6 16. h5 Qxh5 17. Bh4 Qc5+ 18. Kh1 Qh5 19. Qd3 Bf5 20. e4 Bg4 21. Rb5 f5 22. exf5 Rxf5 23. Qb3+ Kh8 24. Rxb7 Nd4 25. Qb2 Be2 26. Qxd4 Bxf1 27. Bxf1 Rd5 28. Qc3 Rd1 29. Kg2 Qd5+ 30. Kg1 Qxb7 31. Qe3 Qb5 32. Qf3 Re8 33. Qxd1 Qb6+ 34. Kh2 Qf2+ 35. Kh1 Re1 36. g4 Rxf1+ 37. Qxf1 Qxf1+ 38. Kh2 Qxf4+ 39. Kg2 Qxg4+ 40. Kf2 Qxh4+ 0-1

[Event "Junior Online 4NCL Division 3"]
[Site "online"]
[Date "2021.11.11"]
[EventDate "2021.11.11"]
[Round "7.64"]
[White "Shah, Kian"]
[WhiteElo "590"]
[WhiteTeam "Harrow Juniors E"]
[Black "Bedi, Adarsh"]
[BlackElo "1365"]
[BlackTeam "Wanstead Warriors 1"]
[Result "0-1"]
[PlyCount "32"]

1. e4 e5 2. Nf3 Nc6 3. Nc3 Nf6 4. Bb5 a6 5. Bxc6 dxc6 6. Nxe5 Bc5 7. O-O O-O 8. d3 Re8 9. Bg5 Rxe5 10. Bxf6 Qxf6 11. Nd5 cxd5 12. exd5 Rf5 13. Re1 Bxf2+ 14. Kf1 Bxe1+ 15. Kxe1 Rf1+ 16. Ke2 Qf2# 0-1

[Event "Junior Online 4NCL Division 3"]
[Site "online"]
[Date "2021.11.11"]
[EventDate "2021.11.11"]
[Round "7.65"]
[White "Wang, Xiling"]
[WhiteElo "889"]
[WhiteTeam "Harrow Juniors E"]
[Black "Demetriou, Jay"]
[BlackElo "1519"]
[BlackTeam "Wanstead Warriors 1"]
[Result "0-1"]
[PlyCount "100"]

1. e4 c6 2. d4 d5 3. e5 Bf5 4. Nf3 e6 5. Bd3 Bxd3 6. Qxd3 Ne7 7. Nc3 Nf5 8. O-O Nd7 9. Bg5 Be7 10. Bxe7 Qxe7 11. h3 c5 12. g4 Nxd4 13. Nxd4 cxd4 14. Qxd4 O-O 15. Nb5 a6 16. Nd6 f6 17. f4 Nb8 18. g5 Nc6 19. gxf6 gxf6 20. Nf5 exf5 21. Qxd5+ Kh8 22. e6 Qg7+ 23. Kh1 Ne7 24. Qd7 Ng6 25. e7 Qxe7 26. Qxe7 Nxe7 27. Rg1 Rg8 28. Rae1 Rxg1+ 29. Kxg1 Ng6 30. Rf1 Rg8 31. Kh2 Re8 32. Rf2 Re4 33. Kg3 h5 34. Rf3 h4+ 35. Kf2 Rxf4 36. Rxf4 Nxf4 37. Kf3 Nxh3 38. Kg2 Ng5 39. Kf2 Kg7 40. Ke3 Kg6 41. Kf4 h3 42. Kg3 f4+ 43. Kh2 f3 44. Kg1 Ne4 45. c3 f2+ 46. Kf1 h2 47. Kg2 h1=Q+ 48. Kxh1 f1=Q+ 49. Kh2 Qf2+ 50. Kh1 Ng3# 0-1

[Event "Junior Online 4NCL Division 3"]
[Site "online"]
[Date "2021.11.11"]
[EventDate "2021.11.11"]
[Round "7.66"]
[White "Stevens, Tobias"]
[WhiteElo "1468"]
[WhiteTeam "Wanstead Warriors 1"]
[Black "Patel-Davis, Riyan"]
[BlackElo "842"]
[BlackTeam "Harrow Juniors E"]
[Result "0-1"]
[PlyCount "82"]

1. e4 e5 2. Nf3 Nc6 3. Bc4 Bc5 4. d3 Nf6 5. Nc3 d6 6. Bg5 Bg4 7. Bxf6 Qxf6 8. Nd5 Qd8 9. h3 Bxf3 10. Qxf3 Nd4 11. Qh5 Nxc2+ 12. Kf1 Nxa1 13. Ne3 Rf8 14. Bb5+ c6 15. Bc4 Bxe3 16. fxe3 Qf6+ 17. Kg1 g6 18. Qxh7 Qg5 19. h4 Qxe3+ 20. Kh2 b5 21. Bxf7+ Rxf7 22. Qxg6 Qf4+ 23. Kh3 Nc2 24. Qe6+ Kf8 25. Qxd6+ Kg8 26. Qxc6 Rd8 27. Qxc2 Rh7 28. g3 Qf3 29. Rd1 Rdd7 30. Qc8+ Qf8 31. Qxf8+ Kxf8 32. Rf1+ Ke8 33. Rf3 Kd8 34. b3 Kc7 35. a4 b4 36. g4 Kc6 37. g5 Kc5 38. Kg4 Kd4 39. h5 Rdg7 40. g6 Kc3 41. Kh4 Rxg6 0-1

[Event "Junior Online 4NCL Division 3"]
[Site "online"]
[Date "2021.11.11"]
[EventDate "2021.11.11"]
[Round "7.67"]
[White "Horwood, Alexander"]
[WhiteElo "627"]
[WhiteTeam "Harrow Juniors E"]
[Black "Gurusamy, Paramaguru"]
[BlackElo "1312"]
[BlackTeam "Wanstead Warriors 1"]
[Result "1-0"]
[PlyCount "35"]

1. e4 c6 2. d4 d5 3. e5 Bf5 4. Bd3 Bxd3 5. Qxd3 e6 6. Nf3 Nd7 7. O-O c5 8. c3 Ne7 9. Be3 Nf5 10. Nbd2 Nxe3 11. fxe3 Be7 12. e4 cxd4 13. cxd4 Nb6 14. Rac1 O-O 15. exd5 Nxd5 16. Ne4 Qb6 17. Neg5 Qxb2 18. Qxh7# 1-0

[Event "Junior Online 4NCL Division 3"]
[Site "online"]
[Date "2021.11.11"]
[EventDate "2021.11.11"]
[Round "7.68"]
[White "Bedi, Adarsh"]
[WhiteElo "1365"]
[WhiteTeam "Wanstead Warriors 1"]
[Black "Shah, Kian"]
[BlackElo "590"]
[BlackTeam "Harrow Juniors E"]
[Result "1-0"]
[PlyCount "93"]

1. e4 e5 2. Nf3 Nf6 3. Nxe5 Nxe4 4. Qf3 Ng5 5. Qe3 Qe7 6. Nd3 Qxe3+ 7. fxe3 Bd6 8. Be2 O-O 9. Nc3 Be7 10. O-O d6 11. Nb5 a6 12. Nxc7 Ra7 13. Nd5 Bd8 14. b3 Bf5 15. Ba3 Bxd3 16. Bxd3 Nc6 17. Bxd6 Re8 18. Nc7 Bxc7 19. Bxc7 Rc8 20. Bb6 Raa8 21. Bc4 Nb4 22. Bxf7+ Kf8 23. Be6+ Ke8 24. Bxc8 Rxc8 25. Bc5 b6 26. Rf8+ Kd7 27. Bxb4 Rxf8 28. Bxf8 Ne6 29. Bb4 Nc5 30. Bxc5 bxc5 31. d4 cxd4 32. exd4 a5 33. c4 Kd6 34. Rc1 g5 35. c5+ Kd5 36. c6 Kd6 37. c7 Kd7 38. c8=Q+ Kd6 39. Rc6+ Kd5 40. Qd7+ Ke4 41. Re6+ Kf4 42. Qf7+ Kg4 43. Kf2 a4 44. h3+ Kh4 45. Qf3 g4 46. g3+ Kxh3 47. Rh6# 1-0

[Event "Junior Online 4NCL Division 3"]
[Site "online"]
[Date "2021.11.11"]
[EventDate "2021.11.11"]
[Round "7.71"]
[White "Pipalia, Rishi"]
[WhiteElo "1310"]
[WhiteTeam "JHJ Shark Tank 7"]
[Black "Kammin, Samuel"]
[BlackElo "1715"]
[BlackTeam "Farnham Fantasticos A"]
[Result "0-1"]
[PlyCount "28"]

1. e4 c5 2. c3 d5 3. exd5 Qxd5 4. Nf3 Nf6 5. d4 Bg4 6. Be2 e6 7. Be3 Nbd7 8. c4 Qh5 9. dxc5 Bxc5 10. Bxc5 Nxc5 11. Nc3 O-O 12. Qd4 Rfd8 13. Qf4 Bxf3 14. Bxf3 Nd3+ 0-1

[Event "Junior Online 4NCL Division 3"]
[Site "online"]
[Date "2021.11.11"]
[EventDate "2021.11.11"]
[Round "7.72"]
[White "Amos, Michael"]
[WhiteElo "1690"]
[WhiteTeam "Farnham Fantasticos A"]
[Black "Harb, Laith A"]
[BlackElo "1294"]
[BlackTeam "JHJ Shark Tank 7"]
[Result "1-0"]
[PlyCount "71"]

1. e4 c5 2. Nf3 d6 3. d4 cxd4 4. Nxd4 Nf6 5. Nc3 a6 6. Bc4 e6 7. O-O b5 8. Bd3 Bb7 9. f3 Be7 10. f4 Nbd7 11. f5 Nc5 12. Qe2 Qc8 13. b4 Nxd3 14. Qxd3 O-O 15. Bb2 h6 16. Rae1 exf5 17. Nxf5 Qd7 18. e5 dxe5 19. Qxd7 Nxd7 20. Nxe7+ Kh8 21. Ne4 Rae8 22. Nd6 Rxe7 23. Nxb7 Nf6 24. Nc5 Nd5 25. Rxe5 Rxe5 26. Bxe5 Nxb4 27. Ne6 Rg8 28. Rxf7 Nxc2 29. Nxg7 Kh7 30. Ne6+ Kg6 31. Rf6+ Kh5 32. Rf5+ Kg4 33. Rf3 Re8 34. h3+ Kh4 35. Bf6+ Kh5 36. Nf4# 1-0